000
00294nam a22001337a 4500
008
171020b xxu||||| |||| 00| 0 eng d
020
_a
053881585-X
041
_a
eng
080
_a
338
100
_a
54
101
_a
MEN
245
_a
MANAGEMENT & ORGANIZATION
_c
DUBRIN,A.J
942
_2
udc
_c
BK
999
_c
35037
_d
35037